[Event "34. Copenhagen Open (Politiken Cup)"]
[Site "Elsinore"]
[Date "2012.07.29"]
[Round "2"]
[White "Lofgren, Claes"]
[Black "Hansen, Sune Berg"]
[Result "0-1"]
[WhiteElo "2111"]
[BlackElo "2577"]
[PlyCount "106"]
[EventDate "2012.07.28"]
[EventType "swiss"]
[EventRounds "10"]
[EventCountry "DEN"]
[Source "ChessBase"]
[SourceDate "2012.08.24"]

1. d4 Nf6 2. c4 e6 3. g3 d5 4. Bg2 Bb4+ 5. Bd2 Be7 6. Nf3 c6 7. b3 O-O 8. O-O
b6 9. Bc3 Nbd7 10. Nbd2 Bb7 11. e3 a5 12. Ne5 Nxe5 13. dxe5 Nd7 14. cxd5 cxd5
15. e4 Rc8 16. Bd4 Nc5 17. exd5 Bxd5 18. Bxd5 exd5 19. Rc1 Qd7 20. Qe2 Rfe8 21.
f4 Bf8 22. Nf3 Qg4 23. Kg2 Ne6 24. Qd2 Bb4 25. Qe3 Bc5 26. Bxc5 bxc5 27. h3 Qh5
28. g4 Qh6 29. Kg3 f6 30. Nh4 d4 31. Qe4 fxe5 32. Qxe5 Qf6 33. Qxf6 gxf6 34.
Nf5 Rc6 35. Rfe1 Kf7 36. Rcd1 a4 37. Rd3 Rb6 38. Kf3 axb3 39. axb3 Nxf4 40.
Rxe8 Nxd3 41. Re7+ Kf8 42. Rxh7 Ne5+ 43. Ke4 Nf7 44. h4 Rxb3 45. Rh5 Rh3 46.
Nh6 Re3+ 47. Kf4 Ne5 48. g5 Rf3+ 49. Ke4 d3 50. gxf6 d2 51. Rg5 Rxf6 52. Rg1
Rxh6 53. Kxe5 Rxh4 0-1

[Event "34. Copenhagen Open (Politiken Cup)"]
[Site "Elsinore"]
[Date "2012.07.29"]
[Round "2"]
[White "Markus, Robert"]
[Black "Brorsen, Jacob Abildlund"]
[Result "1-0"]
[WhiteElo "2599"]
[BlackElo "2121"]
[PlyCount "83"]
[EventDate "2012.07.28"]
[EventType "swiss"]
[EventRounds "10"]
[EventCountry "DEN"]
[Source "ChessBase"]
[SourceDate "2012.08.24"]

1. d4 d5 2. c4 e6 3. Nf3 Nf6 4. e3 c6 5. b3 Bb4+ 6. Nbd2 O-O 7. Bb2 b6 8. a3
Be7 9. g3 Bb7 10. Bg2 Nbd7 11. O-O c5 12. Qe2 Qc7 13. Rac1 Rac8 14. Rfd1 Qb8
15. cxd5 exd5 16. Ne5 Rcd8 17. Ndf3 Bd6 18. Nxd7 Nxd7 19. dxc5 Nxc5 20. Nd4 Be5
21. b4 Ne6 22. Rc2 Rfe8 23. Qg4 Nxd4 24. Bxd4 Bc8 25. Qg5 f6 26. Bxe5 Rxe5 27.
Qf4 Be6 28. Rdc1 Bf7 29. Rc7 Bg6 30. h4 Bf7 31. Qd4 Ree8 32. Kh2 Be6 33. R1c6
Bf7 34. Bf3 Re5 35. Kg2 Bg6 36. Qg4 Ree8 37. h5 Bf7 38. h6 g6 39. Qf4 Re6 40.
Rxe6 Bxe6 41. Rg7+ Kh8 42. Qxf6 1-0

[Event "34. Copenhagen Open (Politiken Cup)"]
[Site "Elsinore"]
[Date "2012.07.29"]
[Round "2"]
[White "Matthiesen, Martin"]
[Black "Stray, Gunnar"]
[Result "1/2-1/2"]
[WhiteElo "2285"]
[BlackElo "2035"]
[PlyCount "73"]
[EventDate "2012.07.28"]
[EventType "swiss"]
[EventRounds "10"]
[EventCountry "DEN"]
[Source "ChessBase"]
[SourceDate "2012.08.24"]

1. d4 d5 2. c4 dxc4 3. e3 e5 4. Bxc4 exd4 5. exd4 Nf6 6. Nf3 Bd6 7. O-O O-O 8.
h3 h6 9. Nc3 Nc6 10. a3 a6 11. Re1 Re8 12. Be3 b5 13. Ba2 Bb7 14. Qc2 Ne7 15.
Ne5 Ned5 16. Qf5 Qc8 17. Qxc8 Raxc8 18. Nxd5 Bxd5 19. Ng4 Bxa2 20. Nxf6+ gxf6
21. Rxa2 f5 22. Raa1 Kg7 23. Rac1 a5 24. Kf1 a4 25. Bd2 Re4 26. f3 Rxe1+ 27.
Bxe1 Re8 28. Bf2 Rb8 29. Be1 Re8 30. Bf2 Rb8 31. Rc2 b4 32. axb4 Rxb4 33. Be1
Rb3 34. Bc3 a3 35. bxa3 Rxa3 36. Ke2 h5 37. Bb2 1/2-1/2

[Event "34. Copenhagen Open (Politiken Cup)"]
[Site "Elsinore"]
[Date "2012.07.29"]
[Round "2"]
[White "Moller, Arne"]
[Black "Kristiansen, Espen"]
[Result "1-0"]
[WhiteElo "1895"]
[BlackElo "1634"]
[PlyCount "41"]
[EventDate "2012.07.28"]
[EventType "swiss"]
[EventRounds "10"]
[EventCountry "DEN"]
[Source "ChessBase"]
[SourceDate "2012.08.24"]

1. e4 c6 2. d4 d5 3. Nc3 dxe4 4. Nxe4 Bf5 5. Ng3 Bg6 6. Nf3 Nd7 7. Bd3 Bxd3 8.
Qxd3 e6 9. O-O Bd6 10. Re1 Ngf6 11. Nf5 Bf8 12. Bf4 g6 13. Nd6+ Bxd6 14. Bxd6
Nb6 15. Ba3 Qc7 16. Ne5 O-O-O 17. Qf3 Nh5 18. Qxf7 Rxd4 19. Qxe6+ Kb8 20. Nf7
Nf4 21. Qf6 1-0

[Event "34. Copenhagen Open (Politiken Cup)"]
[Site "Elsinore"]
[Date "2012.07.29"]
[Round "2"]
[White "Nielsen, Bjorn"]
[Black "Jensen, John Klaus"]
[Result "0-1"]
[WhiteElo "1534"]
[BlackElo "1874"]
[PlyCount "86"]
[EventDate "2012.07.28"]
[EventType "swiss"]
[EventRounds "10"]
[EventCountry "DEN"]
[Source "ChessBase"]
[SourceDate "2012.08.24"]

1. d4 g6 2. e3 Nf6 3. Nf3 Bg7 4. Bd3 d5 5. O-O O-O 6. a4 Nbd7 7. Nc3 Re8 8. Re1
e5 9. dxe5 Nxe5 10. Nxe5 Rxe5 11. b3 Qe7 12. Be2 Bf5 13. Bf3 Ne4 14. Nxe4 dxe4
15. Ba3 Qe8 16. Bg4 Rd8 17. Qe2 Red5 18. Rad1 Qd7 19. Rxd5 Qxd5 20. Bxf5 gxf5
21. Be7 Rd7 22. Bg5 Qd2 23. Kf1 Bc3 24. Qxd2 Rxd2 25. Bf4 c6 26. Bb8 Rd8 27.
Bc7 Rd7 28. Rb1 Rxc7 29. b4 Rd7 30. g3 Rd2 31. a5 Rxc2 32. a6 b6 33. b5 cxb5
34. Rxb5 Ra2 35. Rxf5 Rxa6 36. Rf4 Ra1+ 37. Kg2 b5 38. Rxe4 b4 39. Re8+ Kg7 40.
Rc8 b3 41. Rxc3 b2 42. Rb3 b1=Q 43. Rxb1 Rxb1 0-1

[Event "34. Copenhagen Open (Politiken Cup)"]
[Site "Elsinore"]
[Date "2012.07.29"]
[Round "2"]
[White "Nielsen, Borge Hjerrild"]
[Black "Colpe, Malte"]
[Result "0-1"]
[WhiteElo "2035"]
[BlackElo "2284"]
[PlyCount "98"]
[EventDate "2012.07.28"]
[EventType "swiss"]
[EventRounds "10"]
[EventCountry "DEN"]
[Source "ChessBase"]
[SourceDate "2012.08.24"]

1. d4 Nf6 2. c4 g6 3. Nf3 Bg7 4. g3 O-O 5. Bg2 d5 6. cxd5 Nxd5 7. O-O Nb6 8.
Nc3 Nc6 9. e3 Re8 10. b3 e5 11. dxe5 Qe7 12. Bb2 Nxe5 13. Nxe5 Bxe5 14. Qe2 c6
15. Rac1 Bf5 16. Rfd1 a5 17. Nb1 a4 18. Bxe5 Qxe5 19. Nc3 axb3 20. axb3 Ra3 21.
Qb2 Rea8 22. Ra1 Rxa1 23. Rxa1 Rxa1+ 24. Qxa1 Nd7 25. b4 h5 26. Qe1 h4 27. gxh4
Nf6 28. f4 Qd6 29. b5 Qb4 30. bxc6 bxc6 31. Qd2 c5 32. Qc1 Qc4 33. h3 Be4 34.
Bf1 Bd3 35. Bxd3 Qxd3 36. Kf2 c4 37. Ke1 Qd7 38. Nd1 Qc6 39. Qc2 Nd5 40. Kd2
Nb4 41. Qb1 Nd3 42. Kc3 Qc5 43. h5 gxh5 44. Qc2 Qb4+ 45. Kd4 Ne1 46. Qc3 Nf3+
47. Kd5 Qb5+ 48. Kd6 Qb6+ 49. Kd5 Qd8+ 0-1

[Event "34. Copenhagen Open (Politiken Cup)"]
[Site "Elsinore"]
[Date "2012.07.29"]
[Round "2"]
[White "Nielsen, Jens Holm"]
[Black "Jacobsen, Per"]
[Result "1/2-1/2"]
[WhiteElo "1914"]
[BlackElo "1680"]
[PlyCount "121"]
[EventDate "2012.07.28"]
[EventType "swiss"]
[EventRounds "10"]
[EventCountry "DEN"]
[Source "ChessBase"]
[SourceDate "2012.08.24"]

1. e4 Nf6 2. Nc3 d6 3. d4 g6 4. Bg5 Bg7 5. Qd2 O-O 6. Be2 c6 7. O-O-O b5 8. e5
dxe5 9. dxe5 Qxd2+ 10. Rxd2 b4 11. exf6 bxc3 12. bxc3 exf6 13. Be3 Be6 14. Bf3
Bxa2 15. Ne2 Na6 16. Kb2 Be6 17. Ra1 Rab8+ 18. Kc1 Nc7 19. Bxc6 Bc4 20. Bxa7
Rbd8 21. Rxd8 Rxd8 22. Nd4 Nd5 23. Ra4 Bf1 24. Bxd5 Rxd5 25. g3 Bh6+ 26. f4 g5
27. c4 gxf4 28. gxf4 Bxf4+ 29. Kb2 Rd8 30. Ra1 Bh3 31. Rg1+ Kf8 32. Bc5+ Bd6
33. Bxd6+ Rxd6 34. Kc3 f5 35. c5 Rd8 36. Rg5 Bg4 37. Nxf5 Rd5 38. Rxg4 Rxc5+
39. Kd4 Rxf5 40. c4 Ke7 41. c5 Kd7 42. Re4 Kc6 43. Re8 Rd5+ 44. Ke4 Rxc5 45.
Rc8+ Kd6 46. Rxc5 Kxc5 47. Kf5 Kd5 48. h4 Kd6 49. Kf6 h5 50. Kxf7 Kd7 51. Kg6
Ke7 52. Kxh5 Kf7 53. Kh6 Kg8 54. Kg6 Kh8 55. h5 Kg8 56. h6 Kh8 57. Kg5 Kh7 58.
Kh5 Kh8 59. Kg6 Kg8 60. h7+ Kh8 61. Kh6 1/2-1/2

[Event "34. Copenhagen Open (Politiken Cup)"]
[Site "Elsinore"]
[Date "2012.07.29"]
[Round "2"]
[White "Nielsen, Klaus"]
[Black "Rasmussen, Allan Stig"]
[Result "0-1"]
[WhiteElo "2069"]
[BlackElo "2496"]
[PlyCount "62"]
[EventDate "2012.07.28"]
[EventType "swiss"]
[EventRounds "10"]
[EventCountry "DEN"]
[Source "ChessBase"]
[SourceDate "2012.08.24"]

1. d4 d5 2. Nf3 Nf6 3. e3 c5 4. dxc5 e6 5. b4 a5 6. c3 axb4 7. cxb4 b6 8. a4
bxc5 9. b5 Bd6 10. Bb2 Nbd7 11. Nbd2 Bb7 12. Be2 Bc7 13. O-O Rg8 14. Qc2 g5 15.
b6 Bxb6 16. Bb5 Ke7 17. Bxd7 Nxd7 18. Qxh7 Bc7 19. g3 Rg6 20. Rfe1 e5 21. Qh3
e4 22. Qf5 exf3 23. Nxf3 Kf8 24. h4 gxh4 25. Nxh4 Rh6 26. Qg4 Be5 27. Bxe5 Nxe5
28. Qf4 Qf6 29. Rab1 Bc6 30. Rb6 Qxf4 31. exf4 Nd7 0-1

[Event "34. Copenhagen Open (Politiken Cup)"]
[Site "Elsinore"]
[Date "2012.07.29"]
[Round "2"]
[White "Nielsen, Rogvi Egilstoft"]
[Black "Becker, Martin"]
[Result "1-0"]
[WhiteElo "2203"]
[BlackElo "2375"]
[PlyCount "77"]
[EventDate "2012.07.28"]
[EventType "swiss"]
[EventRounds "10"]
[EventCountry "DEN"]
[Source "ChessBase"]
[SourceDate "2012.08.24"]

1. e4 d6 2. d4 Nf6 3. Nc3 c5 4. dxc5 dxc5 5. Qxd8+ Kxd8 6. Be3 Nbd7 7. O-O-O e6
8. h3 a6 9. Nf3 b5 10. a3 Bb7 11. Ne5 Ke8 12. Nxb5 axb5 13. Bxb5 Rd8 14. Bg5
Bc8 15. Bxf6 gxf6 16. Nc6 Rg8 17. g3 Rg5 18. h4 Re5 19. f3 c4 20. Nxe5 fxe5 21.
c3 Bh6+ 22. Kc2 Ke7 23. Bxc4 Rg8 24. g4 Bf4 25. Rhg1 Bb7 26. b4 Nb6 27. Bb5 Ra8
28. Kb3 Rb8 29. a4 Bc8 30. c4 Na8 31. c5 Nc7 32. Kc4 Nxb5 33. axb5 Bd7 34. b6
Bc8 35. Ra1 Be3 36. Ra7+ Ke8 37. Rga1 Bb7 38. b5 Bc8 39. Ra8 1-0

[Event "34. Copenhagen Open (Politiken Cup)"]
[Site "Elsinore"]
[Date "2012.07.29"]
[Round "2"]
[White "Nilsen, Joachim Birger"]
[Black "Bennion, David"]
[Result "1-0"]
[WhiteElo "2215"]
[BlackElo "2007"]
[PlyCount "49"]
[EventDate "2012.07.28"]
[EventType "swiss"]
[EventRounds "10"]
[EventCountry "DEN"]
[Source "ChessBase"]
[SourceDate "2012.08.24"]

1. d4 d5 2. c4 e6 3. Nf3 Nf6 4. Nc3 Be7 5. Bg5 O-O 6. e3 Nbd7 7. Qc2 c5 8. cxd5
exd5 9. Rd1 cxd4 10. Nxd4 Nc5 11. Be2 Nce4 12. Bxf6 Bxf6 13. O-O Nxc3 14. Qxc3
Bf5 15. Qb4 Be4 16. Rd2 a5 17. Qb5 Bxd4 18. Rxd4 Re8 19. Bd3 Bxg2 20. Kxg2 Qg5+
21. Kh1 Rad8 22. Rg1 Qf6 23. Rf4 Qe5 24. Qc5 Qxb2 25. Qd4 1-0

[Event "34. Copenhagen Open (Politiken Cup)"]
[Site "Elsinore"]
[Date "2012.07.29"]
[Round "2"]
[White "Nordin, Eric"]
[Black "Rasmussen, Jonas H"]
[Result "0-1"]
[WhiteElo "1906"]
[BlackElo "1673"]
[PlyCount "54"]
[EventDate "2012.07.28"]
[EventType "swiss"]
[EventRounds "10"]
[EventCountry "DEN"]
[Source "ChessBase"]
[SourceDate "2012.08.24"]

1. e4 e5 2. Nf3 Nc6 3. Bc4 Bc5 4. c3 Nf6 5. d4 exd4 6. cxd4 Bb4+ 7. Nc3 Bxc3+
8. bxc3 Nxe4 9. d5 Ne7 10. Qe2 Nd6 11. Bb3 O-O 12. O-O Re8 13. Qd3 c6 14. dxc6
dxc6 15. Rd1 Nd5 16. c4 Bf5 17. Qd4 Re4 18. Qc5 Nxc4 19. Bxc4 Qf6 20. Bxd5 cxd5
21. Bg5 Qg6 22. Rxd5 Be6 23. Rd6 h6 24. Rad1 hxg5 25. Rd8+ Rxd8 26. Rxd8+ Kh7
27. Nxg5+ Qxg5 0-1

[Event "34. Copenhagen Open (Politiken Cup)"]
[Site "Elsinore"]
[Date "2012.07.29"]
[Round "2"]
[White "Pallesen, Jacob"]
[Black "Karlsson, Jorgen"]
[Result "1-0"]
[WhiteElo "1975"]
[BlackElo "2163"]
[PlyCount "91"]
[EventDate "2012.07.28"]
[EventType "swiss"]
[EventRounds "10"]
[EventCountry "DEN"]
[Source "ChessBase"]
[SourceDate "2012.08.24"]

1. e4 d6 2. d4 Nf6 3. Nc3 g6 4. Be2 Bg7 5. g4 Nfd7 6. Be3 c5 7. Nf3 Nc6 8. d5
Ncb8 9. Qd2 h6 10. h4 Qa5 11. Nh2 a6 12. f4 b5 13. h5 Qb4 14. Rb1 Nf8 15. a3
Qa5 16. Nd1 Qxd2+ 17. Kxd2 Nbd7 18. Nf2 Bb7 19. Bf3 O-O-O 20. Nf1 c4 21. Ng3 e6
22. dxe6 fxe6 23. hxg6 Nxg6 24. Nh5 Bf8 25. Bd4 e5 26. Bc3 Rg8 27. f5 Ne7 28.
Ba5 Nc6 29. Bxd8 Kxd8 30. c3 Na5 31. Rh2 Nb3+ 32. Ke2 Kc7 33. Rg2 Be7 34. Nh3
Nbc5 35. Ke3 a5 36. Rbg1 Nb6 37. g5 Bf8 38. g6 d5 39. Nf6 d4+ 40. cxd4 exd4+
41. Ke2 c3 42. bxc3 d3+ 43. Kf2 Nc4 44. Nxg8 d2 45. Nf4 Bd6 46. Ne6+ 1-0

[Event "34. Copenhagen Open (Politiken Cup)"]
[Site "Elsinore"]
[Date "2012.07.29"]
[Round "2"]
[White "Percivaldi, Martin"]
[Black "Haugli, Petter"]
[Result "1/2-1/2"]
[WhiteElo "2015"]
[BlackElo "2318"]
[PlyCount "128"]
[EventDate "2012.07.28"]
[EventType "swiss"]
[EventRounds "10"]
[EventCountry "DEN"]
[Source "ChessBase"]
[SourceDate "2012.08.24"]

1. d4 Nf6 2. c4 c5 3. d5 b5 4. cxb5 a6 5. bxa6 Bxa6 6. Nc3 d6 7. e4 Bxf1 8.
Kxf1 g6 9. g3 Bg7 10. Kg2 O-O 11. Nf3 Nbd7 12. h3 Qa5 13. Re1 Rfb8 14. Qc2 Nb6
15. Rb1 Na4 16. Bd2 Nd7 17. Nd1 Qb5 18. b3 c4 19. Ne3 cxb3 20. Rxb3 Qa6 21.
Rxb8+ Rxb8 22. Qc4 Qa8 23. Rc1 Nac5 24. Nd1 Nb6 25. Qc2 Qa6 26. Bc3 Bxc3 27.
Nxc3 Nc4 28. Rb1 Rc8 29. Qe2 Ra8 30. Nd4 Ne5 31. Qxa6 Rxa6 32. Ndb5 Nc4 33. Rb4
Na3 34. Nxa3 Rxa3 35. Rc4 Nd3 36. Kf1 Kg7 37. Ke2 Nc1+ 38. Kd2 Nxa2 39. Nxa2
Rxa2+ 40. Ke3 Ra3+ 41. Kd2 Kf6 42. Rc3 Ra7 43. Ke3 g5 44. f4 h6 45. Kf3 h5 46.
Re3 Ra4 47. g4 gxf4 48. Kxf4 hxg4 49. hxg4 Ra1 50. g5+ Kg6 51. Rg3 Rh1 52. Rg2
Kh5 53. Rg3 Rf1+ 54. Ke3 Kg6 55. Rg4 Rh1 56. Kf4 Rh3 57. Rg2 Kh5 58. Rg1 Rh2
59. Rg3 Rf2+ 60. Ke3 Rf1 61. Rg2 Kg6 62. Rg3 Rh1 63. Kf4 Rh5 64. Rg2 Rh4+
1/2-1/2

[Event "34. Copenhagen Open (Politiken Cup)"]
[Site "Elsinore"]
[Date "2012.07.29"]
[Round "2"]
[White "Petersen, Tom Petri"]
[Black "Jorgensen, Carina Eilegaard"]
[Result "0-1"]
[WhiteElo "2360"]
[BlackElo "2039"]
[PlyCount "114"]
[EventDate "2012.07.28"]
[EventType "swiss"]
[EventRounds "10"]
[EventCountry "DEN"]
[Source "ChessBase"]
[SourceDate "2012.08.24"]

1. g3 e5 2. Bg2 Nf6 3. d3 d5 4. Nf3 Bd6 5. Nbd2 O-O 6. e4 dxe4 7. dxe4 b5 8.
O-O Bb7 9. Qe2 c6 10. Rd1 Qc7 11. Nf1 Bc5 12. Nh4 Nbd7 13. Nf5 g6 14. Nh6+ Kg7
15. Bh3 Bb6 16. Bxd7 Nxd7 17. Ng4 Rfd8 18. Bh6+ Kh8 19. Bg5 Re8 20. Qd2 f5 21.
Nh6 Bd4 22. c3 c5 23. cxd4 exd4 24. b4 Rxe4 25. bxc5 Qc6 26. f3 Ne5 27. Qg2 Rg4
28. Nxg4 Nxf3+ 29. Kh1 Nxg5 30. Nfe3 Qd7 31. Ne5 Bxg2+ 32. Nxg2 Qd5 33. Nd3 Ne4
34. Rac1 Qxa2 35. c6 Rc8 36. Nb4 Qb2 37. Nd3 Qb3 38. Kg1 Rxc6 39. Rb1 Qa4 40.
Ra1 Qb3 41. Rab1 Qc2 42. Nb4 Qf2+ 43. Kh1 Rd6 44. Nd3 Qf3 45. Ne5 Nf2+ 46. Kg1
Nh3+ 47. Kh1 Qd5 48. Nd3 a5 49. Rd2 b4 50. Rc1 Rc6 51. Re1 Rc8 52. Re7 b3 53.
Rde2 Qf3 54. Re8+ Rxe8 55. Rxe8+ Kg7 56. Re7+ Kf8 57. Rf7+ Ke8 0-1

[Event "34. Copenhagen Open (Politiken Cup)"]
[Site "Elsinore"]
[Date "2012.07.29"]
[Round "2"]
[White "Pettersen, Joar Gullestad"]
[Black "Schou Moldt, Thomas"]
[Result "0-1"]
[WhiteElo "2007"]
[BlackElo "2222"]
[PlyCount "122"]
[EventDate "2012.07.28"]
[EventType "swiss"]
[EventRounds "10"]
[EventCountry "DEN"]
[Source "ChessBase"]
[SourceDate "2012.08.24"]

1. d4 g6 2. Nf3 Nf6 3. Bg5 Bg7 4. Nbd2 d6 5. e4 Nc6 6. c3 O-O 7. d5 Nb8 8. Bd3
Nbd7 9. Nb3 c5 10. h3 a6 11. a4 Rb8 12. Qe2 Re8 13. O-O Qc7 14. Nbd2 e6 15.
dxe6 Rxe6 16. Bf4 Nh5 17. Bh2 Bh6 18. Bc4 Re7 19. Kh1 Ne5 20. Nh4 Bxd2 21. Bxe5
dxe5 22. Qxd2 Kg7 23. Nf5+ Bxf5 24. exf5 Rd8 25. Qe3 Rd6 26. Rad1 Rf6 27. Rd5
b6 28. a5 Nf4 29. axb6 Qb7 30. Qxc5 Rc6 31. Qb4 Rxc4 32. Qxc4 Qxd5 33. Qxd5
Nxd5 34. fxg6 hxg6 35. Ra1 Nxb6 36. Rxa6 Rb7 37. b4 f6 38. g4 g5 39. Kg2 Nd5
40. Rc6 Ne7 41. Rc5 Kf7 42. Kf3 Ke6 43. Ke4 Rd7 44. Ra5 Rc7 45. Ra3 Rc4+ 46.
Kd3 Rf4 47. Ra6+ Kd7 48. c4 Nc6 49. Ra4 Rxf2 50. b5 Nd4 51. Ra6 Nb3 52. Ra7+
Kd6 53. Ra6+ Kc7 54. Rc6+ Kb7 55. Ke3 Rf4 56. c5 Nd4 57. Rd6 f5 58. Rh6 fxg4
59. Rh7+ Kc8 60. b6 g3 61. Rg7 Rf5 0-1

[Event "34. Copenhagen Open (Politiken Cup)"]
[Site "Elsinore"]
[Date "2012.07.29"]
[Round "2"]
[White "Rasmussen, Lars"]
[Black "Tryggestad, Andreas Garberg"]
[Result "1-0"]
[WhiteElo "1957"]
[BlackElo "1721"]
[PlyCount "53"]
[EventDate "2012.07.28"]
[EventType "swiss"]
[EventRounds "10"]
[EventCountry "DEN"]
[Source "ChessBase"]
[SourceDate "2012.08.24"]

1. e4 c6 2. d4 d5 3. e5 Bf5 4. Nf3 e6 5. Be2 Ne7 6. Nh4 Nd7 7. Be3 Qc7 8. Nd2
O-O-O 9. O-O Bg6 10. b4 Nf5 11. Nxf5 Bxf5 12. a3 b6 13. c4 Kb7 14. cxd5 exd5
15. Rc1 Be7 16. Rc3 c5 17. bxc5 bxc5 18. Qb3+ Nb6 19. dxc5 d4 20. Bxd4 Rxd4 21.
Bf3+ Kb8 22. cxb6 Qxb6 23. Qxf7 Rxd2 24. Rb3 Bd3 25. Rxb6+ axb6 26. Qxe7 Bxf1
27. Qb7# 1-0

[Event "34. Copenhagen Open (Politiken Cup)"]
[Site "Elsinore"]
[Date "2012.07.29"]
[Round "2"]
[White "Rendlev, Niels Moller"]
[Black "Jensen, Torben Brieghel"]
[Result "1/2-1/2"]
[WhiteElo "1844"]
[BlackElo "1514"]
[PlyCount "57"]
[EventDate "2012.07.28"]
[EventType "swiss"]
[EventRounds "10"]
[EventCountry "DEN"]
[Source "ChessBase"]
[SourceDate "2012.08.24"]

1. g3 g6 2. f4 Bg7 3. Nf3 Nf6 4. Bg2 O-O 5. d3 d6 6. O-O Nc6 7. e4 e5 8. Nc3
exf4 9. Bxf4 Nh5 10. Be3 f5 11. Nh4 f4 12. Bf2 fxg3 13. Bxg3 Nxg3 14. hxg3
Rxf1+ 15. Qxf1 Be5 16. Nf3 Bxg3 17. d4 Bg4 18. Qc4+ Kh8 19. Ne2 Bxf3 20. Nxg3
Qg5 21. Rf1 Rf8 22. Bxf3 Qxg3+ 23. Bg2 Qe3+ 24. Kh2 Qh6+ 25. Bh3 Rxf1 26. Qxf1
Nxd4 27. Qf6+ Qg7 28. Qd8+ Qg8 29. Qf6+ 1/2-1/2

[Event "34. Copenhagen Open (Politiken Cup)"]
[Site "Elsinore"]
[Date "2012.07.29"]
[Round "2"]
[White "Romanov, Evgeny"]
[Black "Petersen, Steen"]
[Result "1-0"]
[WhiteElo "2623"]
[BlackElo "2129"]
[PlyCount "49"]
[EventDate "2012.07.28"]
[EventType "swiss"]
[EventRounds "10"]
[EventCountry "DEN"]
[Source "ChessBase"]
[SourceDate "2012.08.24"]

1. e4 c5 2. b3 Nc6 3. Bb2 e5 4. Bc4 Nf6 5. Nc3 Nxe4 6. Nxe4 d5 7. Bd3 dxe4 8.
Bxe4 Bd6 9. Qh5 Qe7 10. Nf3 g6 11. Qh6 Bd7 12. O-O O-O-O 13. Rfe1 f6 14. Qe3
Kb8 15. a3 Rhe8 16. b4 Nd4 17. Rab1 f5 18. bxc5 fxe4 19. cxd6 Qxd6 20. Nxd4
exd4 21. Bxd4 Bc6 22. Bxa7+ Ka8 23. Bb6 Rd7 24. d4 Rf7 25. c4 1-0

[Event "34. Copenhagen Open (Politiken Cup)"]
[Site "Elsinore"]
[Date "2012.07.29"]
[Round "2"]
[White "Rydell, Marten"]
[Black "Amarapala, Sherington"]
[Result "0-1"]
[WhiteElo "1973"]
[BlackElo "1732"]
[PlyCount "72"]
[EventDate "2012.07.28"]
[EventType "swiss"]
[EventRounds "10"]
[EventCountry "DEN"]
[Source "ChessBase"]
[SourceDate "2012.08.24"]

1. e4 e5 2. Nf3 Nc6 3. Bb5 a6 4. Ba4 Nf6 5. d4 b5 6. Bb3 exd4 7. O-O Be7 8. e5
Ne4 9. Bd5 Nc5 10. Nxd4 O-O 11. Bxc6 dxc6 12. Nxc6 Qe8 13. Nxe7+ Qxe7 14. f4
Bb7 15. Nd2 Rad8 16. Qe1 Rde8 17. b4 Na4 18. Ne4 f6 19. Bd2 fxe5 20. f5 Qd7 21.
Ng3 Qc6 22. Qe2 Qxc2 23. Rfc1 Qb2 24. Rcb1 Qd4+ 25. Be3 Qd5 26. Rc1 Rf7 27. Rc2
Rd7 28. Rac1 Ree7 29. Nh5 Rf7 30. Qg4 Kh8 31. Rf2 Qe4 32. Qg3 Rxf5 33. Rxf5
Qxf5 34. Rf1 Bf3 35. Rxf3 Rd1+ 36. Kf2 Qc2+ 0-1

[Event "34. Copenhagen Open (Politiken Cup)"]
[Site "Elsinore"]
[Date "2012.07.29"]
[Round "2"]
[White "Satre, Mathias"]
[Black "Mortensen, Henrik"]
[Result "1/2-1/2"]
[WhiteElo "1722"]
[BlackElo "2018"]
[PlyCount "80"]
[EventDate "2012.07.28"]
[EventType "swiss"]
[EventRounds "10"]
[EventCountry "DEN"]
[Source "ChessBase"]
[SourceDate "2012.08.24"]

1. e4 d5 2. exd5 Qxd5 3. Nc3 Qa5 4. d4 c6 5. Nf3 Nf6 6. Be2 Bf5 7. O-O e6 8.
Re1 Be7 9. Bf4 Nbd7 10. Qd2 O-O 11. Bc4 Qb4 12. Bb3 Rfe8 13. Bc7 Bd8 14. a3 Qf8
15. Bxd8 Raxd8 16. Nh4 Nc5 17. Nxf5 Nxb3 18. Nh6+ gxh6 19. cxb3 e5 20. Ne4 Nxe4
21. Rxe4 exd4 22. Rxd4 Rxd4 23. Qxd4 Qe7 24. h3 c5 25. Qf4 Qg5 26. Qf3 b6 27.
Rd1 Qe5 28. Rd7 Re7 29. Rd8+ Kg7 30. Rd5 Qe6 31. Qc3+ Qf6 32. Rd6 Qxc3 33. bxc3
Re2 34. Rd7 Rb2 35. b4 Rb1+ 36. Kh2 c4 37. Rxa7 Rb3 38. a4 Rxc3 39. Rc7 Ra3 40.
a5 bxa5 1/2-1/2

[Event "34. Copenhagen Open (Politiken Cup)"]
[Site "Elsinore"]
[Date "2012.07.29"]
[Round "2"]
[White "Satre, Roger"]
[Black "Jacobsen, Caroline Beer"]
[Result "1-0"]
[WhiteElo "1866"]
[BlackElo "1587"]
[PlyCount "119"]
[EventDate "2012.07.28"]
[EventType "swiss"]
[EventRounds "10"]
[EventCountry "DEN"]
[Source "ChessBase"]
[SourceDate "2012.08.24"]

1. g3 e5 2. Bg2 d5 3. c4 c6 4. e3 Nf6 5. Ne2 Bc5 6. Nbc3 O-O 7. O-O Be6 8. d4
exd4 9. exd4 Be7 10. Nf4 dxc4 11. Nxe6 fxe6 12. Bh3 Nd5 13. Bxe6+ Kh8 14. Nxd5
cxd5 15. Qh5 Qb6 16. Qxd5 Bf6 17. Be3 Nc6 18. Qxc4 Bxd4 19. Bxd4 Nxd4 20. Bd5
Rac8 21. Qd3 Qc5 22. Bxb7 Rb8 23. Rad1 Rxb7 24. Qxd4 Qxd4 25. Rxd4 Rxb2 26. Ra4
Rf7 27. a3 Rb3 28. Rb4 Rxb4 29. axb4 Rb7 30. Re1 Kg8 31. Re4 Kf7 32. Kg2 h6 33.
Kf3 Kf6 34. Ke3 g6 35. Kd3 Rc7 36. b5 Rc5 37. Rb4 Rd5+ 38. Kc3 Rc5+ 39. Kb3 Re5
40. Ka4 Re2 41. Rf4+ Kg5 42. h3 h5 43. h4+ Kh6 44. Ka5 Ra2+ 45. Ra4 Rxf2 46.
Ka6 Rf5 47. Rf4 Re5 48. Rf7 g5 49. Rxa7 Re8 50. hxg5+ Kxg5 51. Rg7+ Kf5 52. b6
Re6 53. Ka7 Kf6 54. Rg8 Re7+ 55. b7 Kf7 56. Rg5 Kf6 57. Rxh5 Kg6 58. Rb5 Kf6
59. Ka8 Re8+ 60. b8=Q 1-0

[Event "34. Copenhagen Open (Politiken Cup)"]
[Site "Elsinore"]
[Date "2012.07.29"]
[Round "2"]
[White "Schlecht, Daniel"]
[Black "Pedersen, Jan Kaas"]
[Result "1-0"]
[WhiteElo "2379"]
[BlackElo "2044"]
[PlyCount "95"]
[EventDate "2012.07.28"]
[EventType "swiss"]
[EventRounds "10"]
[EventCountry "DEN"]
[Source "ChessBase"]
[SourceDate "2012.08.24"]

1. d4 d5 2. c4 c6 3. Nf3 Nf6 4. e3 Bg4 5. h3 Bxf3 6. Qxf3 e6 7. Bd3 Bd6 8. Nc3
Nbd7 9. Bd2 Qe7 10. O-O O-O 11. Qd1 dxc4 12. Bxc4 e5 13. Qc2 h6 14. Bb3 a6 15.
Rae1 Rac8 16. dxe5 Bxe5 17. a3 Nc5 18. Bc4 Rfd8 19. Rd1 Rd7 20. Bc1 Rcd8 21.
Be2 Rxd1 22. Rxd1 Rxd1+ 23. Bxd1 Nfe4 24. Nxe4 Nxe4 25. Bf3 Nf6 26. b4 Qd6 27.
Kf1 Nd5 28. Bd2 Bf6 29. Qd3 Qe5 30. g3 Nb6 31. Kg2 Qe6 32. Bd1 Qd5+ 33. Qxd5
Nxd5 34. Bb3 b5 35. Kf3 Nb6 36. Bc1 Kf8 37. Ke4 Ke7 38. Kd3 Nd7 39. Bc2 Kd6 40.
f4 c5 41. e4 Kc6 42. Bd1 Ba1 43. Bf3 Kd6 44. e5+ Ke7 45. Bb7 cxb4 46. axb4 Nb8
47. Be3 f6 48. exf6+ 1-0